| 000 | 00812nam a2200241 4500 | ||
|---|---|---|---|
| 999 |
_c128759 _d128759 |
||
| 001 | 1258521 | ||
| 003 | ARRUPE | ||
| 005 | 20190109153602.0 | ||
| 008 | 710820s1970 sa abf b 001 0 eng | ||
| 010 | _a 73585774 | ||
| 015 | _aSANB*** | ||
| 040 |
_aDLC _cDLC _dDLC |
||
| 043 | _afs----- | ||
| 050 | 0 | 0 |
_aSPC N5310.5.S6 _bR8 |
| 100 | 1 |
_aRudner, Jalmar. _943944 |
|
| 245 | 1 | 4 |
_aThe hunter and his art; _ba survey of rock art in Southern Africa, _cby Jalmar and Ione Rudner. |
| 260 |
_aCape Town, _bC. Struik, _c1970. |
||
| 300 |
_axi, 278 p. _billus., maps., 60 col. plates. _c26 x 30 cm. |
||
| 504 | _aBibliography: p. 273-274. | ||
| 650 | 0 |
_aArt, Prehistoric _zAfrica, Southern. _943945 |
|
| 700 | 1 |
_aRudner, Ione, _ejoint author. _943946 |
|
| 906 |
_a7 _bcbc _corignew _d4 _encip _f19 _gy-gencatlg |
||
| 942 |
_2lcc _cSPC |
||